| 000 | 00345nam a2200133Ia 4500 | ||
|---|---|---|---|
| 005 | 20251222144728.0 | ||
| 008 | 251222s9999||||xx |||||||||||||| ||spa|| | ||
| 020 | _a9972-9853-0-X | ||
| 082 | _a858.9/D11 | ||
| 100 | _aD'Angelo, Biagio | ||
| 245 | 0 | _aMilongas y Otros Ritmos | |
| 264 | _bPontificia Universidad Católica Del Perú | ||
| 942 | _cLIB | ||
| 999 |
_c18465 _d18465 |
||